000 00254 a2200109 4500
001 62880
082 _a891.4392ISH
090 _c37237
_d37237
100 _aIshfaq Ahmad
245 _aDheenga Mushti(Talqeen Shah)
260 _bSang-e-Meel Publications
942 _aNUST-CAE
_k891.4392ISH
999 _c297953
_d297953